Crítica a la teoría de las representaciones sociales desde la dialéctica materialista /
En el artículo se realiza una aproximación crítica a la teoría de las representaciones sociales (RS), desde la dialéctica materialista, brindan aportes desde esta corriente a la teoría de las RS, basándose principalmente en Henry Lefebvre. Seguidamente se elabora una ejemplificación teórica-metodoló...
Gespeichert in:
| 1. Verfasser: | |
|---|---|
| Weitere Verfasser: | |
| Format: | Text |
| Schlagworte: | |
| Tags: |
Tag hinzufügen
Keine Tags, Fügen Sie den ersten Tag hinzu!
|
MARC
| LEADER | 00000 a a2200000 04500 | ||
|---|---|---|---|
| 001 | 40493 | ||
| 003 | |||
| 040 | |||
| 100 | |a Coto Murillo, Paulo | ||
| 245 | |a Crítica a la teoría de las representaciones sociales desde la dialéctica materialista / |c Paulo Coto Murillo ; Moisés Salgado Ramírez | ||
| 500 | |a pauloecm@gmail.com |a moissalgado@gmail.com | ||
| 520 | |a En el artículo se realiza una aproximación crítica a la teoría de las representaciones sociales (RS), desde la dialéctica materialista, brindan aportes desde esta corriente a la teoría de las RS, basándose principalmente en Henry Lefebvre. Seguidamente se elabora una ejemplificación teórica-metodológica con un caso específico: las representaciones sociales acerca de la pobreza en grupos practicantes de la teleología de la prosperidad, la cual es una corriente neopentecostal con un crecimiento acelerado en América Latina. | ||
| 590 | |a SJB/DICIEMBRE2010 | ||
| 650 | |a 1.REPRESENTACION SOCIAL | ||
| 650 | |a 2.IMAGINARIO SOCIAL | ||
| 650 | |a 3.PRACTICA RELIGIOSA | ||
| 650 | |a 4.GRUPOS RELIGIOSOS | ||
| 650 | |a 5.POBREZA | ||
| 650 | |a 6.TEORIA CRITICA | ||
| 650 | |a 7.RELACIONES DE PODER | ||
| 700 | |a Salgado Ramírez, Moisés | ||
| 773 | |g volumen5, número2 ( , 2008), páginas 179-212 | ||
| 999 | |c 35724 |d 35724 | ||
